Quiz dla fanow serialu Ranczo - Statystyki

Ogólne statystyki
  • Ten quiz został rozwiązany 2 809 razy
    2 201 od ostatniego zresetowania
  • Średni wynik to 36 z 55
Statystyki odpowiedzi
55 Odpowiedź % Poprawnych
2 Kusy
98%
1 Lucy
97%
15 Senator Kozioł
95%
8 Solejuk
95%
7 Solejukowa
92%
47 Hadziuk
90%
19 Pietrek
90%
13 ksiądz Proboszcz
89%
10 Michałowa
89%
9 Stachu
89%
22 Czerepach
88%
46 Klaudia
88%
48 Hadziukowa
86%
3 Więcławska
86%
4 Więcławski
85%
21 Lodzia
84%
20 Jola
82%
24 Wioletka
80%
18 Fabian Duda
79%
32 Kinga
77%
16 Halina Kozioł
76%
23 Policjant Staszek
76%
11 ksiądz Maciej
75%
25 doktor Wezół
73%
12 ksiądz Robert
73%
6 Babka
70%
17 Witebski
69%
5 Dorotka
68%
34 Monika
68%
26 Wezółowa
66%
28 Wargacz
63%
36 Kasia Solejuk
62%
35 Marianek Solejuk
61%
29 Myćko
61%
40 Jerry
58%
14 ksiądz Biskup
58%
27 Dyrektorka
57%
45 Francesca
54%
41 Szymek Solejuk
53%
30 Wargaczowa
51%
39 Jagna
50%
37 Weronika
49%
38 Kao
45%
33 Magister
45%
31 Myćkowa
39%
49 Hot dog
37%
44 Ola
37%
50 Prokurator
36%
53 Kuba
33%
51 Grażyna
31%
42 Radny z Dopiewa
31%
52 Leśnik Paweł
29%
54 Łukasz reżyser
23%
43 Marek Karat
21%
55 Bartkowiak
17%
Nie znaleziono quizów pasujących do podanych kryteriów
Rozkład punktacji
Procent ludzi z każdym wynikiem
Percentyl według liczby udzielonych odpowiedzi
Twoja historia wyników
Nie rozwiązałeś tego quizu od ostatniego zresetowania